书目信息 |
| 题名: |
没有字的故事
|
|
| 作者: | 麦绥莱勒 画 ;郁达夫 , l鲁迅 , 叶灵凤序 | |
| 分册: | ||
| 出版信息: | 北京 三联书店 2003 |
|
| 页数: | 273页 | |
| 开本: | 24cm | |
| 丛书名: | 画梦重温 | |
| 单 册: | ||
| 中图分类: | J237 | |
| 科图分类: | ||
| 主题词: | 木刻--连环画--比利时--现代 | |
| 电子资源: | ||
| ISBN: | 7-108-01866-7 | |
| 000 | 00969oam2 2200277 45 | |
| 001 | 002524531 | |
| 005 | 20050105080709.7 | |
| 010 | @a7-108-01866-7@dCNY29.80 | |
| 100 | @a20031210d2003 em y0chiy0110 ea | |
| 101 | 0 | @achi |
| 102 | @aCN@b110000 | |
| 105 | @af z 000yy | |
| 200 | 1 | @a没有字的故事@Amei you zi de gu shi@f(比)麦绥莱勒画@F(Bi)Mai Sui Lai Le Hua@g郁达夫,l鲁迅,叶灵凤序 |
| 210 | @a北京@c三联书店@d2003 | |
| 215 | @a273页@c图版@d24cm | |
| 225 | 2 | @a画梦重温 |
| 330 | @a本书作者自叙传形式的连环木刻画本,《我的忏悔》是“为无产者申诉”的作品,虽以无字的形式,却充分表达了他的思想、他对于时代的批判;还收录《一个人的受难》、《光明的追求》两则连环木刻故事。 | |
| 410 | @12001 @a画梦重温 | |
| 606 | 0 | @a木刻@x连环画@y比利时@z现代 |
| 690 | @aJ237@v4 | |
| 701 | 0 | @a麦绥莱勒@4画 |
| 702 | 0 | @a郁达夫@AYu Da Fu |
| 702 | 0 | @al鲁迅@Al Lu Xun |
| 702 | 0 | @a叶灵凤序@AYe Ling Feng Xu |
| 801 | 0 | @aCN@bNLC@c20040818 |
| 905 | @b341090@dJ237@e42@f1 | |
| 没有字的故事/(比)麦绥莱勒画/郁达夫,l鲁迅,叶灵凤序.-北京:三联书店,2003 |
| 273页:图版;24cm.-(画梦重温) |
| ISBN 7-108-01866-7:CNY29.80 |
| 本书作者自叙传形式的连环木刻画本,《我的忏悔》是“为无产者申诉”的作品,虽以无字的形式,却充分表达了他的思想、他对于时代的批判;还收录《一个人的受难》、《光明的追求》两则连环木刻故事。 |
| ● |
| 相关链接 |
|
|
|
|
正题名:没有字的故事
索取号:J237/42
 
预约/预借
| 序号 | 登录号 | 条形码 | 馆藏地/架位号 | 状态 | 备注 |
| 1 | 0341090 | 203410905 | 第一样本阅览室/ [索取号:J237/42] | 在馆 |